000
00373nam a2200145Ia 4500
008
230718s9999 xx 000 0 und d
041
_a
Eng.
082
_a
338.23
_b
انع-ق
100
_a
انعام الحق، جواں
245
0
_a
قانون معتاد سماعت
260
_a
Pakistan
_b
سفر ایک ہاؤس
_c
1999
300
_a
173
650
_a
Law
999
_c
28854
_d
28854